000 00522nam a2200193 a 4500
001 1770453313270
003 YourLibrary
005 20260207140845.0
008 260207s2006##################000#0#eng##
020 _a9780415380058
082 0 4 _a330.97368
_bBRO
100 1 _aBrown, A. J. Youngson,
_eauthor.
245 1 0 _aThe American Economy 1860-1940 :
260 _bTaylor & Francis,
_c2006.
300 _a224 pages
650 0 _aBusiness & Economics.
942 _cENGLISH
040 _aYourLibrary
_beng
_cYourLibrary
999 _c611083
_d611083